APEC Schools

Harry Potter : and the deathly hallows / (Record no. 7175)

000 -LEADER
fixed length control field nam a22 7a 4500
005 - DATE AND TIME OF LATEST TRANSACTION
control field 20190301060831.0
008 - FIXED-LENGTH DATA ELEMENTS--GENERAL INFORMATION
fixed length control field 190301b xxu||||| |||| 00| 0 eng d
020 ## - IDENTIFIER FOR THE MANIFESTATION
Identifier for the Manifestation 9781408855713
Binding paperback
040 ## - CATALOGING SOURCE
Language of Cataloging eng
Transcribing Agency APEC Schools Library
Description Conventions rda
082 ## - DEWEY DECIMAL CLASSIFICATION NUMBER
Classification number Fic
Author's Number R884 2007
100 ## - CREATOR
Preferred Name of the Person Rowling, J.K.
245 ## - TITLE AND STATEMENT OF RESPONSIBILITY
Preferred Title Proper Harry Potter : and the deathly hallows /
Statement of Responsibility/Parallel Statement of Responsibility J.K. Rowling
264 ## - PUBLICATION STATEMENT
Place of publication, distribution, etc London :
Publisher's Name/Parallel Publisher's Name Bloomsbury Publishing,
Copyright ©2007.
300 ## - PHYSICAL DESCRIPTION
Extent 619 pages ;
Dimensions 20 cm.
336 ## - RDA CONTENT
Source rdacontent
Content Type text
337 ## - RDA MEDIA
Source rdamedia
Media Type unmediated
338 ## - RDA CARRIER
Source rdacarrier
Carrier Type volume
490 ## - SERIES STATEMENT
Title Proper of Series Harry Potter series.
Numbering Within Series bk. 7
942 ## - ADDED ENTRY ELEMENTS (KOHA)
Source of Classification
Koha Item Type Books
Holdings
Library Site Location Shelving Location Source of Acquisition Full Classification Number Accession Number Koha Item Type
APEC Bacoor Library APEC Bacoor Library Fiction Institutional Fund Fic R884 2007 B04-0000360 Fiction
APEC C. Raymundo Library APEC C. Raymundo Library Fiction Institutional Fund Fic R884 2007 A07-0000235 Fiction
APEC JRU Lipa Library APEC JRU Lipa Library Fiction Institutional Fund Fic R884 2007 B12-0000280 Fiction
APEC Silangan, Pateros Library APEC Silangan, Pateros Library Fiction Institutional Fund Fic R884 2007 B07-0000283 Fiction
APEC Sta. Rita Library APEC Sta. Rita Library Fiction Institutional Fund Fic R884 2007 B02-0000318 Fiction
APEC V. Luna Library APEC V. Luna Library Fiction Institutional Fund Fic R884 2007 A01-0000251 Fiction

Powered by Koha